| 000 | 00780nam a22002057a 4500 | ||
|---|---|---|---|
| 999 |
_c1804 _d1804 |
||
| 003 | AR-CdUCM | ||
| 008 | 190228b ||||| |||| 00| 0 spa d | ||
| 040 |
_aMUNICIPALIDAD PROVINCIAL DEL CUSCO _cBIBLIOTECA MUNICIPAL DEL CUSCO |
||
| 082 |
_a370.11 / _bV52 |
||
| 100 |
_aVerniers, L. _96630 |
||
| 245 | _aMetodología de la historia / | ||
| 260 |
_aBuenos aires ; _bEdit. Losada; _c1949. |
||
| 300 |
_a96 paginas ; _c20 cm. |
||
| 505 | _aQue es la historia -- El fin de la educación en general -- Los manuales de la historia -- Los métodos de enseñanza de la historia -- El fin de la enseñanza histórica ... | ||
| 650 |
_aHistoria general _92009 |
||
| 650 |
_aMetodología _92264 |
||
| 650 |
_aEducación tripartita _96631 |
||
| 942 |
_2ddc _cLIBROS |
||
| 945 |
_arum _d2029-02-28 |
||